000 00363nam a2200157Ia 4500
999 _c6019
_d6019
003 OSt
005 20190921152421.0
008 190906s9999||||xx |||||||||||||| ||und||
020 _a978-0133131116
040 _cmaju
100 _a Bovee Thill
245 0 _aBusiness Communication Today
260 _aDelhi
_bViva Books
_c2003
300 _a606
942 _cBK
_2ddc